000
00340 a2200169 4500
001
59850
020
_a
8501055891
040
_c
Anchieta - Pituba
100
_a
Alencar, José de
240
1
0
_a
Senhora
_l
por
245
1
0
_a
Senhora
300
_a
284
362
0
_a
2002
440
1
_a
Record
650
4
_a
Ficção brasileira
942
_c
BK
999
_c
59850
_d
59850